Clarinadas / (Registro nro. 25499)
[ vista simple ]
| 000 -LEADER | |
|---|---|
| campo de control de longitud fija | 02050cam a22003854i 4500 |
| 003 - IDENTIFICADOR DE NÚMERO DE CONTROL | |
| campo de control | PE-LiUPU |
| 005 - FECHA Y HORA DE LA ÚLTIMA TRANSACCIÓN | |
| campo de control | 20250731184059.0 |
| 008 - DATOS DE LONGITUD FIJA--INFORMACIÓN GENERAL | |
| campo de control de longitud fija | 171018s2017 pe r 000 0 spa d |
| 035 ## - NÚMERO DE CONTROL DEL SISTEMA | |
| Número de control de sistema | (Sirsi) a239822 |
| 040 ## - FUENTE DE CATALOGACIÓN | |
| Centro catalogador/agencia de origen | PE-LiUPU |
| Lengua de catalogación | spa |
| Centro/agencia transcriptor | PE-LiUPU |
| Normas de descripción | rda |
| 049 ## - FONDOS LOCALES (OCLC) | |
| Biblioteca depositaria | PRUA |
| 082 04 - NÚMERO DE LA CLASIFICACIÓN DECIMAL DEWEY | |
| Número de clasificación | 869.5608 |
| Cutter | D67 |
| Número de edición | 20 |
| 100 1# - ENTRADA PRINCIPAL--NOMBRE DE PERSONA | |
| Nombre de persona | Vargas Diaz, Ynmer, |
| Término indicativo de función/relación | autor. |
| 245 10 - MENCIÓN DEL TÍTULO | |
| Título | Clarinadas / |
| Mención de responsabilidad, etc. | Ynmer Vargas Diaz. |
| 250 ## - MENCION DE EDICION | |
| Mención de edición | 1a edición. |
| 264 #1 - PRODUCCIÓN, PUBLICACIÓN, DISTRIBUCIÓN, FABRICACIÓN Y COPYRIGHT | |
| Producción, publicación, distribución, fabricación y copyright | Lambayeque : |
| Nombre del de productor, editor, distribuidor, fabricante | impresiones gráficas, |
| Fecha de producción, publicación, distribución, fabricación o copyright | 2017. |
| 300 ## - DESCRIPCIÓN FÍSICA | |
| Extensión | 165 páginas ; |
| Dimensiones | 20 centímetros. |
| 336 ## - TIPO DE CONTENIDO | |
| Término de tipo de contenido | text |
| Fuente | rdacontent |
| 337 ## - TIPO DE MEDIO | |
| Nombre/término del tipo de medio | unmediated |
| Fuente | rdamedia |
| 338 ## - TIPO DE SOPORTE | |
| Nombre/término del tipo de soporte | volume |
| Fuente | rdacarrier |
| 505 0# - NOTA DE CONTENIDO CON FORMATO | |
| Nota de contenido con formato | Adios a las armas -- Armagedón -- El himno de Bagua, una vez más -- Crisis de liderazgo -- Curiosidades de la politica -- De botines y repartijas -- Educación y sicariato -- El ocaso de la pluma -- El ocaso de su pluma -- El poder de los poderes -- ¿Entiendes lo que lees? -- Eros y porneía: arte y pecado -- Guayamil: el cacique Bagua -- Inclusión que excluye -- Infernos: el destino de todos -- La complicidad del silencio -- La hora crucial de la democracia -- Unión civil: una visión integral -- Otro gato en la oscuridad -- A sies años del Baguazo -- La política en el Perú depués de Fujimori -- ¿Por quién doblan las campanas? -- Poroún porosis: dureza del corazón -- Pronabec: la ruta asiática -- Transferencia y desgobierno. |
| 526 ## - NOTA DE INFORMACIÓN SOBRE EL PROGRAMA DE ESTUDIO | |
| Nombre del programa | Comunicación Y Periodismo |
| 526 ## - NOTA DE INFORMACIÓN SOBRE EL PROGRAMA DE ESTUDIO | |
| Nombre del programa | Educación, Especialidad Inglés Y Español (A Distancia) |
| 526 ## - NOTA DE INFORMACIÓN SOBRE EL PROGRAMA DE ESTUDIO | |
| Nombre del programa | Educación, Especialidad Inglés Y Español |
| 526 ## - NOTA DE INFORMACIÓN SOBRE EL PROGRAMA DE ESTUDIO | |
| Nombre del programa | Educación secundaria, especialidad lingüística e inglés |
| 526 ## - NOTA DE INFORMACIÓN SOBRE EL PROGRAMA DE ESTUDIO | |
| Nombre del programa | Ciencias de la comunicación |
| 596 ## - | |
| -- | 1 |
| 650 04 - PUNTO DE ACCESO ADICIONAL DE MATERIA--TÉRMINO DE MATERIA | |
| Término de materia o nombre geográfico como elemento de entrada | Investigación académica. |
| 910 ## - DATOS DE OPCIÓN DEL USUARIO (OCLC) | |
| Datos de opción del usuario | dbm |
| -- | ksl |
| -- | ksl |
| -- | 20171018 |
| 942 ## - ELEMENTOS DE ENTRADA SECUNDARIOS (KOHA) | |
| Fuente del sistema de clasificación o colocación | Clasificación Decimal Dewey |
| Tipo de ítem Koha | |
| 994 ## - | |
| -- | C0 |
| -- | PEPRU |
| 999 ## - NÚMEROS DE CONTROL DE SISTEMA (KOHA) | |
| -- | LC |
| -- | 76862 |
| -- | 2021-11-9 |
| -- | 4 |
| -- | CCODEBUL1 |
| -- | BUL |
| -- | 20.00 |
| -- | 1 |
| -- | 0 |
| -- | Y |
| -- | BOOK |
| -- | 2017-10-18 |
| -- | EDUCACION |
| -- | EDPRIM |
| 999 ## - NÚMEROS DE CONTROL DE SISTEMA (KOHA) | |
| -- | LC |
| -- | 76863 |
| -- | 2021-11-9 |
| -- | 4 |
| -- | CCODEBUL1 |
| -- | BUL |
| -- | 20.00 |
| -- | 0 |
| -- | Y |
| -- | BOOK |
| -- | 2017-10-19 |
| -- | EDUCACION |
| -- | EDPRIM |
| 980 ## - EQUIVALENCIA O REFERENCIA-CRUZADA-MENCIÓN DE SERIE--NOMBRE DE PERSONA/TÍTULO [LOCAL, CANADÁ] | |
| ID del último usuario que modificó el registro | 1 |
| Nombre del último usuario que modificó el registro | ALBERTO SANCHEZ Responsable de Automatización |
| Visto por última vez | Número de inventario | Total de préstamos | Signatura topográfica completa | Código de barras | Copia número | Coste, precio de reemplazo | Fecha de reemplazo | Facultad | Tipo de ítem Koha | Nota pública | Estado de pérdida | Fuente del sistema de clasificación o colocación | Restricciones de uso | No para préstamo | Colección | Programa académico | Biblioteca de origen | Biblioteca actual | Ubicación en estantería | Fecha de adquisición | Coste, precio normal de compra |
|---|---|---|---|---|---|---|---|---|---|---|---|---|---|---|---|---|---|---|---|---|---|
| 2025-12-03 | 5 | 869.5608 D67 | 76862 | e1 | 25.00 | 2017-10-18 | FACIHED | Libros físicos | inventario-2023-12-13 | No Perdido | Clasificación Decimal Dewey | No restringido | Disponible para préstamos | Colección General | Educación secundaria, especialidad lingüística e inglés | Biblioteca CRAI UPeU Lima | Biblioteca CRAI UPeU Lima | Sala principal | 2017-10-18 | 20.00 | |
| 2025-12-03 | 5 | 869.5608 D67 | 76863 | e2 | 25.00 | 2017-10-19 | FACIHED | Libros físicos | inventario-2023-12-13 | No Perdido | Clasificación Decimal Dewey | No restringido | Disponible para préstamos | Colección General | Educación secundaria, especialidad lingüística e inglés | Biblioteca CRAI UPeU Lima | Biblioteca CRAI UPeU Lima | Sala principal | 2017-10-19 | 20.00 |